Word Ladder: Twentieth Century Athletes Quiz Stats

 Plays Quiz Updated Apr 7, 2016

Challenge
Share
Tweet
Embed
Score 0/30 Timer 03:00
0 Plays Today
Hint Answer % Correct
*This Babe was known as baseball's 'Sultan of Swat.'RUTH
96.3%
Novelty Halloween song: 'Monster _____.'MASH
94.2%
To hurry, dash, or act with speed.RUSH
93.3%
A command to urge on dogs during a dogsled journey in the snow.MUSH
92.9%
David Schwimmer's character on the sitcom 'Friends.'ROSS
89%
Major League Baseball Team: Tampa Bay _____.RAYS
88.3%
Weight-like property measured in kilograms, or a liturgical celebration.MASS
86.6%
*This Willie appeared in a record 24 baseball All-Star Games.MAYS
86.4%
MLB pitcher Halladay and rock musician Orbison.ROYS
85.3%
Not occurring very often.RARE
83.1%
Not clothed or covered; naked.BARE
82.7%
A contest of speed (e.g. running or sailing).RACE
82.5%
*This Billie Jean wasn't Michael Jackson's lover; she was a tennis player who won 12 Grand Slam titles.KING
80.9%
*This Larry was the sixth NBA draft pick in 1978, before coaching the Indiana Pacers from 1997-2000 after retirement.BIRD
79.4%
*This Pete made 17 All-Star appearances at an unequaled five different positions: left- and right-field, and first, second, and third bases.ROSE
79.2%
Hint Answer % Correct
Having a good or benevolent nature, or another word for 'type' or 'flavor.'KIND
77.6%
To tie or secure (e.g. with a rope or cord).BIND
76.2%
*This Jerry, often called the greatest wide receiver in NFL history, finished second on 'Dancing with the Stars'.RICE
76.1%
A heap of things lying on top of one another.PILE
76%
One of an ancient order of minstret poets known for composing, reciting, and singing their works.BARD
73.2%
To sharpen (e.g. with a whetstone), or to optimize one's abilities.HONE
72.6%
To annoy or irritate someone.RILE
69.4%
*This retired Brazilian footballer/soccer player named Edison Arantes do Nascimento goes by this single-word moniker.PELÉ
69.3%
To exert force by moving something toward oneself or the origin of the force; opposite of 'push.'PULL
68.5%
The first word in the name of China's third most populous city.HONG
68%
The second word in the name of China's third most populous city.KONG
68%
This Mike hosts the TV show 'Dirty Jobs.'ROWE
65.4%
*This Gordie, a four-time Stanley Cup champ, is the only player to have competed in the NHL in five different decades (1940s-1980s).HOWE
64.1%
Well-known post-secondary educational federal grant based on financial need.PELL
61.7%
*This Bobby, famous for his blonde hair, was nicknamed the Golden Jet.HULL
42.6%

Today's Daily Dose

Missing Word
Podcasts A-Z

Word Ladder
Rowing

On This Day
January 22nd II

You're not logged in!

Compare scores with friends on all Sporcle quizzes.
OR
Log In

You Might Also Like...

Show Comments

Extras

Top Quizzes Today


Score Distribution

Your Account Isn't Verified!

In order to create a playlist on Sporcle, you need to verify the email address you used during registration. Go to your Sporcle Settings to finish the process.

Report this User

Report this user for behavior that violates our Community Guidelines.

Details: